000 00546nam a2200205Ia 4500
005 20240415091733.0
008 131103s9999 xx 000 0 und d
020 _a435284711
040 _aLoreto College
041 _aEnglish
082 _a425
_bJUP
100 _aJupp, T C
245 _aEncounters with animals
_cT C Jupp, J Milne, P Prowse and J Garton-Sprenger
260 _aLondon
_bHeinmann Educational Books
_c1979
300 _a40p.
_b illus.
650 _aEnglish grammar
700 _aMilne, J
850 _aLCBED
942 _cBK
999 _c28334
_d78813